000 00333nam a2200121Ia 4500
008 220204s9999 xx 000 0 und d
082 _a340
_bGHA
100 _aGHAIYE, B R
245 0 _aLaw and procedure of departmental enquiries
260 _aLucknow
_bEastern Book
_c1972
650 _aDepartmental enquiries procedure
942 _cBK
999 _c21943
_d21943